000 01289cam a22003617a 4500
003 CHAP
005 20230527062635.0
008 971010s1982 r 00010 d
010 _a62889
011 _a63861
020 _a9682411580
035 _a68407
040 _cCHAP
090 _aFolleto 4695
100 1 0 _aBerlijn, Johan D.
_911826
245 0 _aArados de disco
_c/por Johan D. Berlijn
260 _aMéxico, D. F. :
_bTrillas
_c1982
300 _a62 p.
_b: ilus
490 0 _aManuales para educación agropecuaria.
_pMecánica agrícola
_v; 42
590 _aBATCH-UPD
_b10
_c20130110
_lUCH01
_h1950
590 _aBATCH-UPD
_b10
_c20130410
_lUCH01
_h1312
590 _aBATCH-UPD
_b10
_c20130914
_lUCH01
_h0608
590 _aCONVERSION
_b10
_c20130109
_lUCH01
_h1334
650 1 4 _aArados de disco.
_96418
650 1 4 _aMaquinaria agrícola.
_971151
830 0 _aManuales para educación agropecuaria.
_pMecánica agrícola
_v; 42
_970691
901 _aBK
942 _cFOLL
949 _a631.3 M4 V.42
_bMA
_cLIBRO
_d-43994
_eLIBRO
_fc.2
_h1291
_i68407
_si
949 _a631.3 M4 V.42
_bMA
_cLIBRO
_d-526
_eLIBRO
_h1290
_i68407
_si
949 _aFolleto 4695
_bBC
_cFOLL
_d33724000908745
_eTS2
_fc.3
_gDonaciØn
_i68407
_si
949 _aFolleto 4695
_bBC
_cFOLL
_d68407
_eTS2
_fc.2
_gDonaciØn
_i68407
_si
999 _c62889
_d62889